[Event "Yingmei Cup CHN-chT 2017"]
[Site "Guangdong"]
[Date "2017.12.04"]
[Round "21"]
[White "Zhai, Mo"]
[Black "Ding, Yixin"]
[Result "1-0"]
[WhiteElo "2300"]
[BlackElo "2421"]
[Annotator "TA"]
[PlyCount "67"]
[EventDate "2017.??.??"]
[EventCountry "CHN"]
[SourceTitle "playchess.com"]
[Source "ChessBase"]
[SourceQuality "1"]

{[%evp 19,67,17,53,0,6,0,0,-16,-16,-21,-20,-57,4,0,75,79,93,97,123,36,100,111,235,239,343,343,351,338,345,334,560,454,1756,1769,2864,2447,1675,893,5361,2400,29992,29991,29991,607,29995,1647,29987,2752,29993,29994]} 1. d4 d5 2. c4 e6 3. Nc3 c6 4. Nf3 dxc4 5. a4 Bb4 6. Bd2 Nf6 7. e3 {D31: Queen's Gambit Declined: Semi-Slav without ...Nf6 (+ Marshall Gambit and Noteboom) and Exchange Variation lines without ...Nf6} O-O 8. Bxc4 c5 9. O-O Nc6 10. dxc5 Bxc5 {LiveBook: 8 Games} 11. Ng5 $146 (11. Qb1 $14) ({Predecessor:} 11. Qe2 Qc7 12. Rac1 a6 13. Ba2 b6 14. Rfd1 Bb7 {0-1 (54) Sachdev,T (2423)-Feller,S (2540) Lyon 2008}) 11... Bb4 12. Qc2 h6 13. Nf3 Qe7 14. Rfd1 b6 15. e4 Qc5 (15... Bb7 $15) 16. Bb5 $11 {Be3 is the strong threat.} Ng4 (16... Ne5 $11) 17. Bf4 $16 {aiming for Bd6.} Nce5 18. Nxe5 $1 Nxe5 19. Rac1 (19. Qb3 $16 {Strongly threatening Bxe5.} a6 20. Bxe5 Qxe5 21. Qxb4 axb5 22. Nxb5 (22. Qxb5 Qc7 $16)) 19... a6 ({Black should play} 19... f6 $1 $14) 20. Be2 Bb7 (20... f6 $16) 21. Qb3 $18 Bxc3 (21... Ng6 {is a better defense.}) 22. Rxc3 ({Weaker is} 22. Qxc3 Qxc3 23. Rxc3 Ng6 $16) 22... Qa5 23. Rc7 Bxe4 24. Qe3 g5 $2 (24... Bd3 25. Bxe5 Bxe2 26. Qxe2 Rad8) 25. Bg3 f5 {[#]} (25... Bd3 $142 26. Bxe5 Bxe2) 26. b4 $1 {[%mdl 512]} Qxb4 27. Bxe5 {Intending Rg7+ and mate.} Rfd8 28. Bc3 Qxa4 29. Ra1 Qb3 30. Rg7+ Kf8 31. Rxg5 (31. Qh3 $142 h5 32. Qxh5 Qb1+ 33. Rxb1 Rd1+ 34. Bxd1 Bxb1 35. Qh8#) 31... Bd3 {[#]} 32. Bg7+ (32. Rg8+ $142 $1 {[%mdl 512]} Kf7 (32... Kxg8 33. Qg3+) 33. Rg7+ Kf8 34. Qxh6 Qb1+ 35. Rxb1 Bxb1 36. Qh8#) 32... Kf7 33. Bxh6 (33. Bh5+ $142 Ke7 {[#]} 34. Rxf5 $1 {[%mdl 512]} Rd5 35. Rf7+ Kd6 36. Qf4+ Kc5 37. Bd1 Qxd1+ 38. Rxd1) 33... Ke7 34. Rg7+ {Precision: White = 40%, Black = 18%.} 1-0

[Event "Yingmei Cup CHN-chT 2017"]
[Site "Guangdong"]
[Date "2017.12.04"]
[Round "21"]
[White "Gu, Tianlu"]
[Black "Ushenina, Anna"]
[Result "0-1"]
[WhiteElo "2187"]
[BlackElo "2416"]
[Annotator "TA"]
[PlyCount "112"]
[EventDate "2017.??.??"]
[EventCountry "CHN"]
[SourceTitle "playchess.com"]
[Source "ChessBase"]
[SourceQuality "1"]

{[%evp 9,112,-90,-25,-25,-8,-27,-20,-38,-33,-32,-28,-37,-32,-67,-27,-26,-35,-25,-35,-44,-10,-92,-86,-86,-48,-78,-78,-95,-96,-95,-95,-91,-95,-119,-112,-116,-112,-114,-112,-119,-119,-123,-106,-105,-102,-105,-106,-110,-116,-112,-117,-122,-102,-108,-98,-102,-95,-101,-91,-87,-89,-88,-88,-206,-103,-108,-105,-109,-96,-102,-87,-137,-115,-127,-114,-137,-131,-133,-143,-181,-126,-132,-143,-173,-185,-270,-240,-243,-159,-165,-143,-281,-249,-327,-268,-353,-357,-438,-414,-514,-504,-580,-560,-876,-966]} 1. Nf3 Nf6 2. d4 d5 3. c4 dxc4 4. a4 (4. e3 e6 5. Bxc4 c5 6. O-O a6 7. Qe2 b5 8. Bd3 Nbd7 9. a4 c4 10. Bc2 Bb7 11. e4 Be7 12. Nc3 b4 13. e5 bxc3 14. exf6 Nxf6 15. bxc3 Bxf3 16. Qxf3 Nd5 17. a5 O-O 18. Qh3 f5 {1-0 (38) Giri,A (2762)-Eljanov,P (2720) Heraklio 2017}) 4... c5 5. Na3 Be6 (5... cxd4 $17 {...e5! is the strong threat.} 6. Qxd4 Qxd4 7. Nxd4 e5) 6. e3 $11 {D23: Queen's Gambit Accepted: 3 Nf3 Nf6 sidelines} Nc6 7. Nxc4 cxd4 8. exd4 {The position is equal.} Bd5 9. Be2 e6 $146 ({Predecessor:} 9... g6 10. a5 Bg7 11. a6 bxa6 12. O-O O-O 13. Rxa6 {½-½ (98) Manolache,M (2488)-Brochet,P (2368) Villeneuve Tolosane 2006}) 10. O-O Be7 11. Ne3 Be4 12. b3 O-O 13. Bb2 Rc8 14. Bc4 Qb6 15. Qe2 (15. Nd2 $11 {keeps the balance.}) 15... Rfd8 $17 16. Rad1 h6 17. h3 Rc7 18. Bc3 Bxf3 19. Qxf3 Nxd4 20. Rxd4 Rxd4 21. a5 Qd6 22. Bxd4 Qxd4 23. Rd1 Qc5 24. a6 bxa6 25. Bxa6 Qc6 26. Qxc6 Rxc6 27. Bc4 Rc7 28. Ng4 Nd7 29. Kf1 Kf8 30. Ne3 Nb6 31. Be2 Bf6 32. Nc4 Nd7 33. Nd6 Ke7 34. Nb5 Rb7 35. Nd6 Rb8 36. Bb5 (36. Nb5 $17 {was worth a try.}) 36... Nb6 (36... Nc5 $19 {Hoping for ...Rd8.} 37. b4 Nb3) 37. Ne4 Be5 38. g3 f5 39. Nc5 Bd6 40. Na4 Nd7 41. Nc3 g5 42. Bc4 Ne5 43. Ra1 Bc5 44. Nb5 Rb7 ({Black should play} 44... Rd8 $19 45. Be2 f4) 45. Ra6 Bb6 46. Ke2 h5 {[%cal Bh6h5,Bh5h4][%mdl 32]} 47. f4 (47. Kf1 $142) 47... gxf4 $19 48. gxf4 Nd7 49. Ra2 h4 50. b4 (50. Nc3 $17 {keeps fighting.}) 50... Nf6 51. Ra6 {intending Nxa7.} Ne4 52. Bd3 Rd7 53. Bxe4 fxe4 54. Nc3 Rd3 {Black is clearly winning.} 55. Na4 Ra3 56. b5 Bd4 {Precision: White = 44%, Black = 65%.} 0-1

[Event "Yingmei Cup CHN-chT 2017"]
[Site "Guangdong"]
[Date "2017.12.04"]
[Round "21"]
[White "Zhang, Lanlin"]
[Black "Lagno, Kateryna"]
[Result "0-1"]
[WhiteElo "2175"]
[BlackElo "2547"]
[Annotator "TA"]
[PlyCount "100"]
[EventDate "2017.??.??"]
[EventCountry "CHN"]
[SourceTitle "playchess.com"]
[Source "ChessBase"]
[SourceQuality "1"]

{[%evp 26,100,-8,-4,-8,0,28,6,0,-117,-108,-118,-118,-118,-121,-106,-112,-136,-104,-104,-105,-105,-106,-98,-103,-103,-109,-120,-106,-134,-118,-169,-162,-168,-134,-142,-135,-177,-185,-508,-506,-447,-472,-443,-510,-510,-495,-594,-616,-621,-608,-613,-550,-497,-487,-574,-415,-612,-612,-645,-604,-572,-575,-4501,-3914,-2554,-2433,-5736,-5736,-5712,-5687,-6245,-5297,-5712,-5712,-5687,-5616]} 1. e4 c5 2. Nf3 d6 3. d4 Nf6 4. Nc3 cxd4 5. Nxd4 Nc6 6. Be2 g6 7. O-O Bg7 8. Be3 O-O 9. Kh1 Bd7 10. f4 a6 11. a4 Rc8 12. Nb3 Be6 {B74: Sicilian Dragon: Classical System with 9 Nb3} 13. Nd4 Nxd4 14. Bxd4 {LiveBook: 4 Games} Qa5 {The position is equal.} 15. f5 {[#]} gxf5 $146 (15... Bc4 {is interesting.} 16. Bxc4 Rxc4 17. Qd3 Rfc8 18. Rab1 Qd8) ({Predecessor:} 15... Bc4 16. Bd3 Nd7 17. Bxg7 Kxg7 18. Qe2 Qb4 19. Bxc4 Qxc4 20. Qe3 {0-1 (45) Fernandez Garcia,J (2465)-Hodgson,J (2615) Linares 1996}) 16. exf5 Bxf5 17. Bxf6 (17. b4 $1 $11 {remains equal.} Qxb4 18. Rxf5) 17... Bxf6 $17 18. Nd5 Bxc2 19. Nxf6+ exf6 20. Qxd6 Qe5 21. Qd2 Bg6 22. Bf3 Rc2 23. Qd7 Rxb2 24. Bxb7 Rb8 {[%cal Bf8b8,Bb8e8,Be8e3][%mdl 32]} 25. Bf3 Kg7 26. Rae1 Qg5 27. Qc6 a5 28. Rd1 (28. Qd6 $17 {was worth a try.}) 28... Rc2 $19 29. Qa6 Re8 30. Qb7 Rd2 31. Ra1 Re3 32. Bc6 $2 (32. Rac1 {is tougher.}) 32... Qe5 33. Qb5 Qd6 34. Bf3 Bd3 35. Qh5 Re5 36. Qh3 Bxf1 37. Rxf1 Rg5 38. Qc8 Qd3 {[%cal Rd3f1]} 39. Qc1 Qd4 40. Qe1 Qf4 41. Kg1 (41. h3 $142) 41... Ra2 {Black is clearly winning.} 42. Bc6 {[#]} Qxa4 $1 {[%mdl 512]} 43. Qc3 {[#]} (43. Bxa4 Rgxg2+) 43... Rg6 $1 44. Rxf6 {[#]} Raxg2+ $1 {[%mdl 512]} 45. Bxg2 Rxf6 {KQR-KQB} 46. Qg3+ Kf8 47. Qb8+ Qe8 48. Qb1 Qe3+ 49. Kh1 Re6 {( -> ...Qe1+)} 50. Qb8+ Kg7 {Precision: White = 29%, Black = 96%.} 0-1

[Event "Yingmei Cup CHN-chT 2017"]
[Site "Guangdong"]
[Date "2017.12.05"]
[Round "22"]
[White "Grischuk, Alexander"]
[Black "Wang, Hao"]
[Result "1/2-1/2"]
[WhiteElo "2772"]
[BlackElo "2706"]
[Annotator "TA"]
[PlyCount "33"]
[EventDate "2017.??.??"]
[EventCountry "CHN"]
[SourceTitle "playchess.com"]
[Source "ChessBase"]
[SourceQuality "1"]

{[%evp 22,33,11,0,11,0,10,9,13,0,6,0,20,0]} 1. d4 d5 2. Nf3 Nf6 3. c4 e6 4. Nc3 c6 5. cxd5 exd5 6. Bg5 Be7 7. Qc2 Nbd7 {[%cal Bb8d7,Bd7f6,Bf6g4][%mdl 32]} 8. e3 Nh5 9. Bxe7 Qxe7 10. Be2 g6 11. O-O O-O 12. Bd3 {The position is equal.} Ndf6 {D35: Queen's Gambit Declined: Exchange Variation} 13. Rfe1 Re8 (13... Ng7 14. e4 dxe4 15. Nxe4 Nxe4 16. Bxe4 Qd6 17. Qb3 Rb8 18. d5 Bf5 19. dxc6 bxc6 {½-½ (46) Tregubov,P (2571)-Grachev,B (2666) Sochi 2015}) 14. Ne5 $146 ({Predecessor:} 14. e4 dxe4 15. Nxe4 Nxe4 16. Rxe4 Be6 17. Bc4 Nf6 18. Re5 Qd7 19. Rae1 Bxc4 20. Qxc4 Ng4 21. Rxe8+ Rxe8 22. Rxe8+ Qxe8 23. h3 Nf6 24. Qb3 Qe7 25. a3 {½-½ (25) Kummer,H (2341)-Volkmann,F (2434) Austria 2003}) 14... Ng4 15. Nf3 Ngf6 16. Ne5 Ng4 17. Nf3 1/2-1/2

[Event "Yingmei Cup CHN-chT 2017"]
[Site "Guangdong"]
[Date "2017.12.05"]
[Round "22"]
[White "Yu, Yangyi"]
[Black "Moiseenko, Alexander"]
[Result "1-0"]
[WhiteElo "2743"]
[BlackElo "2674"]
[Annotator "TA"]
[PlyCount "113"]
[EventDate "2017.??.??"]
[EventCountry "CHN"]
[SourceTitle "playchess.com"]
[Source "ChessBase"]
[SourceQuality "1"]

{[%evp 31,113,0,33,29,47,20,77,69,63,62,152,147,138,127,132,136,182,160,185,193,193,192,208,208,215,212,204,212,212,200,212,202,208,208,338,343,383,394,366,366,365,304,297,283,358,356,503,535,556,556,554,554,554,530,530,475,505,475,1218,1214,1474,1408,1434,1227,1231,1202,1025,544,954,756,12835,12835,12837,12838,12838,12838,12839,12839,12840,12840,12841,12842,12842,12843]} 1. e4 c5 2. Nf3 Nc6 3. d4 cxd4 4. Nxd4 e5 5. Nb5 d6 6. c4 Be7 7. N1c3 a6 8. Na3 Be6 9. Nc2 Rc8 10. Be2 Nf6 11. Be3 O-O 12. O-O Nb8 13. Na3 Nc6 14. Rc1 h6 15. Nc2 (15. Qd2 Ng4 16. Bxg4 Bxg4 17. Nd5 Bg5 18. Nc2 Be6 19. Rfd1 Bxe3 20. Ndxe3 Qh4 21. f3 Rfd8 22. a4 Qg5 23. b4 Ne7 24. Ne1 Nc6 25. N1c2 Ne7 26. Ne1 Nc6 27. N1c2 {½-½ (25) Polgar,J (2682)-Radjabov,T (2740) Baku 2010}) 15... Nb8 16. Na3 Nc6 {LiveBook: 16 Games} 17. h3 {[#] B32: Sicilian: Löwenthal and Kalashnikov Variations} Nd7 $146 ({Predecessor:} 17... Nh7 18. Nd5 Bg5 19. Bb6 Qd7 20. Rc3 Kh8 21. Rd3 f5 22. Ne3 fxe4 23. Rxd6 Qf7 24. Bh5 Qe7 25. Rxe6 Qxe6 {0-1 (46) Van Foreest,J (2457)-Jakubiec,A (2535) Belgium 2014}) 18. Nc2 f5 (18... Bg5 $11 {keeps the balance.}) 19. exf5 $1 $16 {White is better.} Bxf5 20. Bg4 Bh7 (20... Bxg4 $14 21. Qxg4 Nf6 22. Qe6+ Kh7) 21. c5 Nxc5 22. Bxc8 Qxc8 23. Nd5 $1 Bd8 {[#] Threatening ...Nd3.} 24. Ncb4 $1 Qe6 {[#]} 25. Nxc6 $1 bxc6 26. Nb4 Bg5 27. Bxc5 (27. Nxc6 $6 Be4 $16) 27... Bxc1 28. Qxd6 (28. Qxc1 $6 Rf4 $16) 28... Qxd6 29. Bxd6 Rd8 30. Be7 (30. Rxc1 $6 Rxd6 31. Nxc6 (31. Rxc6 Rd1+ 32. Kh2 Rd2 $14) 31... e4 $16) (30. Bxe5 Bd2) (30. Nxc6 $6 Rxd6 31. Rxc1 e4) 30... Rd7 31. Rxc1 Rxe7 32. Nxa6 $18 {[%mdl 4096] Endgame KRB-KRN} (32. Rxc6 $6 Rb7 $16) 32... Rd7 (32... Rb7 {was necessary.} 33. b3 (33. Rxc6 Rxb2 34. a4 Ra2 $16) 33... Rb5) 33. b4 (33. Rxc6 Rd1+ 34. Kh2 Rd2 $16) 33... Rd2 34. a4 {[%cal Ba2a4,Ba4a5][%mdl 32]} Ra2 35. a5 ({Not} 35. Rxc6 Rxa4 36. Kh2 Ra1 $16) 35... Be4 36. Re1 Bd3 37. Nc5 e4 38. Nxe4 Bxe4 (38... Kf7 {keeps fighting.} 39. Nd6+ Kf6) 39. Rxe4 {KR-KR. White is clearly winning.} Ra4 40. Rc4 c5 41. Rxc5 Rxb4 42. a6 Ra4 43. Rc6 Kh7 44. g3 h5 (44... Kg8 $142 45. Rc8+ Kh7) 45. h4 Ra1+ 46. Kg2 Ra3 47. f3 Ra2+ 48. Kf1 Kg8 49. Ke1 Kh7 50. Kd1 Ra3 51. Kc2 Rxf3 52. Kb2 Rf5 53. a7 Ra5 54. Rc7 Kg6 55. Kb3 Kf6 56. Kb4 Ra1 57. Kb5 {Precision: White = 84%, Black = 21%.} 1-0

[Event "Yingmei Cup CHN-chT 2017"]
[Site "Guangdong"]
[Date "2017.12.05"]
[Round "22"]
[White "Wei, Yi"]
[Black "Xu, Zhihang"]
[Result "1-0"]
[WhiteElo "2740"]
[BlackElo "2376"]
[Annotator "TA"]
[PlyCount "85"]
[EventDate "2017.??.??"]
[EventCountry "CHN"]
[SourceTitle "playchess.com"]
[Source "ChessBase"]
[SourceQuality "1"]

{[%evp 22,85,39,21,37,33,23,15,15,12,15,0,31,34,44,43,102,68,75,38,58,57,55,47,72,84,62,2,8,13,31,27,89,105,117,76,110,107,87,-14,85,81,87,85,81,82,71,0,0,0,29976,29977,29977,29978,29971,29971,29979,29980,29980,29981,29981,29982,29982,29983,29982,29982]} 1. e4 e5 2. Nf3 Nc6 3. Bb5 Nf6 4. d3 d6 5. O-O Be7 6. c3 O-O 7. Nbd2 a6 8. Ba4 b5 9. Bc2 Bg4 10. h3 Bh5 11. Re1 d5 12. Qe2 {LiveBook: 15 Games. C87: Closed Ruy Lopez: Steinitz-type lines after 6 Re1 d6} Re8 (12... d4 13. g4 Bg6 14. cxd4 exd4 15. Nh2 Bd6 16. Ndf1 Nd7 17. f4 f6 18. Bb3+ Bf7 19. Bxf7+ Rxf7 {1-0 (35) Neelotpal,D (2446)-Karpatchev,A (2506) Liffre 2017}) 13. Nf1 d4 14. g4 $146 {White has an edge.} ({Predecessor:} 14. Ng3 Bg6 15. Nh4 Bc5 16. Nhf5 Ne7 17. Bg5 Nc6 18. Qf3 Bxf5 19. Nxf5 Be7 {1-0 (36) Gara,T (2338)-Levacic,M (2000) Mulhouse 2014}) 14... Bg6 15. Ng3 Bc5 16. Kh2 Qb8 17. Bg5 Nd7 18. h4 {Hoping for h5.} h6 (18... f6 $14) 19. h5 $16 Bh7 (19... hxg5 $2 20. hxg6 fxg6 21. Bb3+ Kf8 22. Bd5 $16 (22. Nxg5 Ke7 $16)) 20. Bh4 dxc3 21. bxc3 Qb6 22. g5 Nd8 23. d4 Be7 24. Bb3 (24. g6 $14 fxg6 25. Bxe7 Rxe7 26. a4) 24... hxg5 $11 25. Nxg5 exd4 26. cxd4 Qxd4 (26... c5 $11 27. Qg4 (27. Nxh7 Bxh4 28. Bd5 Bxg3+ 29. fxg3 Ra7 $19) 27... Nf6) 27. Rad1 Qe5 28. Rxd7 Qf4 29. Nxh7 Bxh4 30. h6 ({Inferior is} 30. Bd5 c6 $17) (30. e5 $16) 30... Bxg3+ ({Reject} 30... Qxh6 $6 31. Kg2 $16) (30... g6 $1 $11) 31. fxg3 $16 Qxh6+ 32. Kg2 Qxh7 33. Qg4 $1 {Strongly threatening e5.} Rb8 34. Red1 (34. Rf1 $16 {[%cal Rd7f7]} Qxe4+ 35. Qxe4 Rxe4 36. Rxd8+ $1 {[%mdl 512]} Rxd8 37. Bxf7+ Kf8 38. Bg6+ Ke7 39. Bxe4) 34... c5 $1 $11 {[%cal Rc5c4] aiming for ...c4.} 35. Bd5 $40 {[%mdl 128] White attacks.} Rb6 $2 {[%mdl 8192]} (35... Qh6 $11) 36. Rxd8 $1 {White mates.} Rxd8 {[#]} 37. Bxf7+ $1 {[%mdl 512]} Kxf7 38. Rxd8 {KQR-KQR} Re6 {[#]} 39. Qf4+ $1 Rf6 {[#]} 40. Qe5 $1 {[%csl Gd8][%cal Re5e8]} Kg6 41. Qe8+ Kh6 42. Rd1 Kg5 43. Rd5+ {Precision: White = 60%, Black = 40%.} 1-0

[Event "Yingmei Cup CHN-chT 2017"]
[Site "Guangdong"]
[Date "2017.12.05"]
[Round "22"]
[White "Bu, Xiangzhi"]
[Black "Xu, Minghui"]
[Result "1/2-1/2"]
[WhiteElo "2730"]
[BlackElo "2316"]
[Annotator "TA"]
[PlyCount "108"]
[EventDate "2017.??.??"]
[EventCountry "CHN"]
[SourceTitle "playchess.com"]
[Source "ChessBase"]
[SourceQuality "1"]

{[%evp 21,108,12,10,11,22,15,27,26,29,30,35,7,2,0,12,0,20,13,13,20,18,25,22,9,22,6,7,2,6,7,9,8,9,8,9,0,0,0,0,0,11,0,0,0,0,0,0,0,0,0,0,0,0,0,0,0,0,0,0,0,0,0,0,0,0,0,0,-8,-20,-85,0,-207,-207,-200,-217,-213,-182,-379,-310,-309,-77,-118,-64,-53,-8,-8,-8,-8,-8]} 1. d4 d5 2. c4 e6 3. Nf3 c6 4. Qc2 Nf6 5. g3 Nbd7 6. Bg2 b6 7. O-O Bb7 8. Nc3 Be7 9. b3 O-O 10. Bb2 Qc7 11. Rad1 Rad8 {LiveBook: 3 Games. E08: Closed Catalan: Main Line: 7 Qc2} (11... Rac8 12. e4 dxe4 13. Ng5 c5 14. d5 exd5 15. cxd5 Ba6 16. d6 Bd3 17. Qxd3 exd3 18. dxc7 {1-0 (18) Parligras,M (2599)-Anton,T (2421) Calimanesti Caciulata 2016}) 12. Rfe1 Rfe8 13. e4 Nxe4 14. Nxe4 dxe4 15. Qxe4 Bf6 16. Qe2 $146 ({Predecessor:} 16. Qc2 h6 17. Nd2 e5 18. Ne4 exd4 19. Nxf6+ Nxf6 20. Rxe8+ Nxe8 21. Rxd4 Rxd4 22. Bxd4 {1-0 (52) Hausner,I (2465)-Jirovsky,M (2420) Germany 1993}) 16... c5 17. dxc5 Qxc5 18. Bxf6 (18. Nd4 {with more complications.} Bxg2 19. Kxg2 a6 20. Nf3 Bxb2 21. Qxb2 Qc7 22. Qe2) 18... Nxf6 19. Ne5 Bxg2 20. Kxg2 Qc7 21. Rxd8 Rxd8 22. Rd1 Nd7 23. Nf3 Nc5 24. Rxd8+ Qxd8 25. b4 Nd7 26. Qe4 Qc8 27. h4 h6 28. g4 Kf8 29. g5 hxg5 30. hxg5 a5 31. b5 Qc5 32. g6 Ke7 (32... Qf5 {feels hotter.} 33. Qa8+ Ke7 34. gxf7 Qg4+ 35. Kh2 Qf4+) 33. Qh4+ Nf6 34. gxf7 Kxf7 35. Qf4 Qf5 36. Ne5+ Ke8 37. Qd4 Qg5+ 38. Kf3 Qf5+ 39. Ke3 Qc2 40. f3 Qb1 41. Qd2 Qg1+ 42. Kd3 Qc5 43. Qb2 Nh5 44. Ke4 Ng3+ 45. Kf4 (45. Kd3 $11 {keeps the balance.}) 45... Nf5 (45... Nf1 $17 {Strongly threatening ...Qe3+.} 46. Qc3 Qf2) 46. Qc3 $2 (46. Qh2 $1 $11 {and White has nothing to worry.}) 46... Qf2 $19 {[#] ( -> ...g5+!)} 47. Ng4 Qxa2 48. c5 Qa4+ 49. Ke5 $2 (49. Kg5 {only move.} Qxb5 50. cxb6) 49... Qxb5 50. Kxe6 Qd7+ $2 (50... Ne7 $19 {and Black stays clearly on top.} 51. Ke5 bxc5) 51. Ke5 $17 bxc5 ({Better is} 51... Qc8 $17 52. Qc4 Ne7) 52. Qxa5 $15 Nd4 {[#] ...Nc6+ is the strong threat.} 53. Qxc5 Nxf3+ 54. Kf4 Qd4+ {Precision: White = 44%, Black = 62%.} 1/2-1/2

[Event "Yingmei Cup CHN-chT 2017"]
[Site "Guangdong"]
[Date "2017.12.05"]
[Round "22"]
[White "Vallejo Pons, Francisco"]
[Black "Zhou, Weiqi"]
[Result "1-0"]
[WhiteElo "2707"]
[BlackElo "2614"]
[Annotator "TA"]
[PlyCount "169"]
[EventDate "2017.??.??"]
[EventCountry "CHN"]
[SourceTitle "playchess.com"]
[Source "ChessBase"]
[SourceQuality "1"]

{[%evp 14,169,8,8,18,22,11,22,18,14,21,27,33,22,32,26,30,31,47,50,50,49,49,52,50,42,62,31,31,31,38,39,45,45,45,38,45,38,38,38,45,31,38,38,38,38,64,38,45,45,45,45,70,45,45,45,66,66,80,83,83,86,86,86,83,76,81,75,79,37,51,33,67,67,67,67,72,54,54,52,39,37,55,37,56,51,53,45,44,44,44,45,42,44,66,56,60,43,52,47,47,42,47,37,54,54,73,73,73,73,73,54,73,73,73,73,77,35,43,43,49,45,73,33,39,38,39,39,39,39,39,39,39,39,39,39,40,39,39,36,49,42,82,82,82,82,82,82,82,82,450,450,450,450,447,447,447,443]} 1. e4 e5 2. Nf3 Nc6 3. Bb5 {[%cal Bf1b5,Bb5a4,Ba4b3,Bb3d5][%mdl 32]} a6 4. Ba4 Nf6 5. d3 b5 6. Bb3 Bc5 7. Nc3 O-O {C77: Ruy Lopez: 3...a6 4 Ba4 Nf6, unusual lines} 8. Nd5 {LiveBook: 4 Games} Nxd5 9. Bxd5 Rb8 {The position is equal.} 10. O-O Ne7 11. Nxe5 Nxd5 12. exd5 Bd4 $146 ({Predecessor:} 12... Re8 13. d4 Bf8 14. b3 Bb7 15. c4 {1-0 (59) Carlsen,M (2848)-Aronian,L (2815) London 2012}) 13. Nf3 Bf6 $1 14. c3 d6 15. Be3 b4 16. Nd4 Bxd4 17. Bxd4 bxc3 18. bxc3 Qg5 19. c4 Re8 20. f4 (20. Qc2 {is interesting.} Qg6 21. Kh1 h6 22. Rad1 Bd7 23. f3) 20... Qg6 21. Qd2 h5 22. Rf3 Qh6 23. h3 Bf5 24. Kh2 Re7 25. Re1 Rbe8 $1 26. Rxe7 Rxe7 27. Qb2 {Strongly threatening Rg3.} Kh7 28. Qf2 f6 29. Rg3 Kh8 30. a3 Kh7 31. Bc3 Kh8 32. Ba5 Kh7 33. Kg1 h4 34. Rf3 Qh5 35. Be1 Kg8 36. Qxh4 Qxh4 37. Bxh4 $16 {[%mdl 4096] Endgame KRB-KRB} Re2 38. g4 Bd7 39. Bf2 Kf7 40. f5 Ba4 41. h4 Bd1 42. g5 Re5 43. Rg3 Rxf5 44. gxf6 Rxf6 45. Ba7 Kf8 46. Bb8 Rf7 47. Re3 Bc2 48. Kg2 g6 49. Kg3 Bb1 50. c5 dxc5 51. d6 cxd6 $1 52. Bxd6+ Kg7 53. Bxc5 Rb7 54. d4 Ba2 55. Kg4 Rb1 56. Kf4 Kf6 57. Be7+ Kf7 58. Kg5 Rf1 59. Kh6 Rf4 60. Bg5 Rxd4 61. Re7+ Kf8 62. Ra7 Bc4 63. Kxg6 {[#] Intending Ra8+ and mate.} Bd3+ 64. Kf6 {Ra8+ would kill now.} Kg8 65. Ke5 Re4+ 66. Kd5 Ra4 67. Be7 Rg4 68. Ke5 Kh7 69. Bg5+ Kg6 70. Rd7 Re4+ 71. Kd5 Ra4 72. Be7 Bb5 73. Rc7 Rg4 74. Rc3 Rg1 75. Kc5 Re1 76. Rg3+ Kf7 77. Bg5 Rd1 78. h5 {[%cal Bh4h5,Bh5h6,Bh6h7][%mdl 32]} Rd3 79. Be3 Rxa3 80. h6 {[#] Threatens to win with h7.} Rc3+ 81. Kd6 {Hoping for Rg7+.} Rc6+ $2 {[%mdl 8192]} (81... Rd3+ $16 82. Ke5 Rc3 83. Rg7+ Kf8) 82. Kd5 $18 {White is clearly winning.} Rc2 83. Rg7+ Kf6 84. Bd4+ Kf5 85. h7 {Precision: White = 70%, Black = 65%.} 1-0

[Event "Yingmei Cup CHN-chT 2017"]
[Site "Guangdong"]
[Date "2017.12.05"]
[Round "22"]
[White "Ni, Hua"]
[Black "Rapport, Richard"]
[Result "1/2-1/2"]
[WhiteElo "2674"]
[BlackElo "2707"]
[Annotator "TA"]
[PlyCount "61"]
[EventDate "2017.??.??"]
[EventCountry "CHN"]
[SourceTitle "playchess.com"]
[Source "ChessBase"]
[SourceQuality "1"]

{[%evp 28,61,2,0,0,0,12,16,8,15,34,34,34,34,40,33,33,32,43,43,43,43,43,43,76,76,95,95,102,62,56,6,9,0,0,0]} 1. e4 e5 2. Nf3 Nc6 3. Nc3 Nf6 4. d4 exd4 5. Nxd4 Bb4 6. Nxc6 bxc6 7. Bd3 d5 8. exd5 O-O 9. O-O cxd5 10. Bg5 c6 11. Qf3 Bd6 12. Bxf6 Qxf6 13. Qxf6 {C47: Scotch Four Knights and Four Knights with 4 g3} gxf6 14. Ne2 Rb8 15. Rab1 {LiveBook: 3 Games} (15. b3 Re8 16. Rad1 Bg4 17. f3 Bf5 18. Bxf5 Rxe2 19. Bd3 Re3 20. Rfe1 Rxe1+ 21. Rxe1 {½-½ (30) Wang,C (2500)-Lysyj,I (2691) China 2015}) 15... Re8 16. Ng3 h6 17. Nf5 Bxf5 18. Bxf5 Rb7 $146 ({Predecessor:} 18... Re2 19. Bd3 Ree8 {½-½ (21) Kashlinskaya,A (2441)-Batsiashvili,N (2417) Plovdiv 2014}) 19. Bd3 Be5 20. Rfe1 Kf8 21. b3 $1 Rbe7 22. Kf1 Bc3 {[%cal Re7e1]} ({Not} 22... Bxh2 $2 23. Rxe7 Rxe7 24. g3 $18) 23. Rxe7 Kxe7 $14 {[%mdl 4096] Endgame KRB-KRB} 24. Rd1 Kf8 25. Be2 d4 26. Rd3 Re5 27. Rh3 Kg7 28. Rh5 Kg6 29. Rxe5 fxe5 30. Bd3+ f5 31. f3 {Precision: White = 76%, Black = 35%.} 1/2-1/2